Get the Picture: Stage or Screen? Quiz Stats

 Plays Quiz Updated May 27, 2019

Score 0/15 Timer 03:00
2 Plays Today
Question Answer Wrong Answers
Legally Blonde Screen
89%
Stage
6.5%
Sister Act Screen
84.5%
Stage
10.7%
Jesus Christ Superstar Stage
83.6%
Screen
12%
Chicago Stage
81.8%
Screen
13.8%
Jersey Boys Stage
80.2%
Screen
15.2%
Carousel Stage
74.7%
Screen
20.8%
Mamma Mia! Stage
61%
Screen
34.5%
Rock of Ages Stage
60.8%
Screen
34.6%
Billy Elliot Screen
60.6%
Stage
34.7%
The Producers Screen
50%
Stage
45.9%
Newsies Screen
48.8%
Stage
47%
The Sound of Music Stage
47.9%
Screen
48.3%
Grease Stage
43.3%
Screen
52.8%
Hairspray Screen
43.3%
Stage
52.6%
Kinky Boots Screen
38.5%
Stage
57.2%

Today's Daily Dose

Missing Word
Sherlocks

Word Ladder
King of the Hill

Quick Pick
Songs in Pink

Get the Picture
NBA Teammates

You're not logged in!

Compare scores with friends on all Sporcle quizzes.
OR
Log In

Sporcle TV

Today on Sporcle TV


Watch our educational content, quiz creation guides, and fun videos on Sporcle TV.

Show Comments

Extras

Top Quizzes Today


Score Distribution

Your Account Isn't Verified!

In order to create a playlist on Sporcle, you need to verify the email address you used during registration. Go to your Sporcle Settings to finish the process.

Report this User

Report this user for behavior that violates our Community Guidelines.

Details: